<?xml version="1.0" encoding="UTF-8"?>
<record
    xmlns:xsi="http://www.w3.org/2001/XMLSchema-instance"
    xsi:schemaLocation="http://www.loc.gov/MARC21/slim http://www.loc.gov/standards/marcxml/schema/MARC21slim.xsd"
    xmlns="http://www.loc.gov/MARC21/slim">

  <leader>01088nam a2200229 i 4500</leader>
  <controlfield tag="001">53527</controlfield>
  <controlfield tag="003">ES-MaACL</controlfield>
  <controlfield tag="005">20230906162801.0</controlfield>
  <controlfield tag="007">t|</controlfield>
  <controlfield tag="008">031031s1879    fr           ||||1| fre d</controlfield>
  <datafield tag="111" ind1="2" ind2=" ">
    <subfield code="a">Congr&#xE8;s International de l'Agriculture (</subfield>
    <subfield code="d">1878. </subfield>
    <subfield code="c">Paris)</subfield>
    <subfield code="9">171873</subfield>
  </datafield>
  <datafield tag="245" ind1="1" ind2="0">
    <subfield code="a">Congr&#xE8;s International de l'Agriculture tenu &#xE0; Paris les 11, 12, 13, 14, 15, 17, 18 et 19 juin 1878 : </subfield>
    <subfield code="b">comptes rendus st&#xE9;nographiques publi&#xE9;s sous les auspices du Comit&#xE9; Central des Congr&#xE8;s et Conf&#xE8;rences et la direction de Ch. Thirion.</subfield>
  </datafield>
  <datafield tag="260" ind1=" " ind2=" ">
    <subfield code="a">Paris : </subfield>
    <subfield code="b">Imp. Nationale, </subfield>
    <subfield code="c">1879.</subfield>
  </datafield>
  <datafield tag="300" ind1=" " ind2=" ">
    <subfield code="a">345 p. ; </subfield>
    <subfield code="c">24 cm.</subfield>
  </datafield>
  <datafield tag="490" ind1="1" ind2=" ">
    <subfield code="a">Congr&#xE8;s et conf&#xE9;rences du Palais du Trocad&#xE9;ro ; </subfield>
    <subfield code="v">1</subfield>
  </datafield>
  <datafield tag="594" ind1=" " ind2=" ">
    <subfield code="a">Precede al t&#xED;t.: Minist&#xE8;re de l'Agriculture et du Commerce, Exposition Universelle International de 1878, a Paris.</subfield>
  </datafield>
  <datafield tag="650" ind1=" " ind2="4">
    <subfield code="a">Agricultura-</subfield>
    <subfield code="v">Congresos y asambleas.</subfield>
    <subfield code="9">161768</subfield>
  </datafield>
  <datafield tag="711" ind1="2" ind2=" ">
    <subfield code="a">Exposition Universelle (</subfield>
    <subfield code="d">1878. </subfield>
    <subfield code="c">Paris)</subfield>
    <subfield code="9">135143</subfield>
  </datafield>
  <datafield tag="830" ind1="1" ind2=" ">
    <subfield code="a">Congr&#xE8;s et conf&#xE9;rences du Palais du Trocad&#xE9;ro ; </subfield>
    <subfield code="v">1</subfield>
    <subfield code="9">192600</subfield>
  </datafield>
  <datafield tag="852" ind1=" " ind2=" ">
    <subfield code="a">ES-MaACL</subfield>
    <subfield code="j">G-1744</subfield>
  </datafield>
  <datafield tag="999" ind1=" " ind2=" ">
    <subfield code="c">53527</subfield>
    <subfield code="d">53527</subfield>
  </datafield>
  <datafield tag="952" ind1=" " ind2=" ">
    <subfield code="0">0</subfield>
    <subfield code="1">0</subfield>
    <subfield code="4">0</subfield>
    <subfield code="7">0</subfield>
    <subfield code="8">LIBXIX</subfield>
    <subfield code="a">ATENEOM</subfield>
    <subfield code="b">ATENEOM</subfield>
    <subfield code="c">DEPO2</subfield>
    <subfield code="d">2008-01-17</subfield>
    <subfield code="e">SC</subfield>
    <subfield code="l">0</subfield>
    <subfield code="o">G-1744</subfield>
    <subfield code="p">1056247</subfield>
    <subfield code="r">2023-02-23 00:00:00</subfield>
    <subfield code="w">2023-02-23</subfield>
    <subfield code="y">MONANT</subfield>
  </datafield>
</record>
